000 00475nam a2200181Ia 4500
001 46939
008 140429s9999 xx 000 0 und d
020 _aNA
040 _cPK-LaUMT
082 _aRHC 891.4394
_bAHW-
100 _aHayat Khan Siyal, Muhammad
245 _aAhwal-o-naqad wajehi (Urdu)
_cHayat Khan Siyal, Muhammad
260 _aLahore,Pakistan:
_bNazar Sons,
_c1967
300 _a336 p.
546 _aUR
650 _aPakistani literature-Urdu
942 _cBK
999 _c44888
_d44888